| 000 | 00407 a2200121 4500 | ||
|---|---|---|---|
| 020 | _a0914313021 | ||
| 082 | _a625.85 BRO | ||
| 100 | _aBrown, E. Ray | ||
| 245 |
_aHot Mix Asphalt Materials, Mixture Design And Construction _cE. Ray Brown...[et all] |
||
| 250 | _a3rd ed | ||
| 260 |
_aMaryland : _bNAPA Education Foundation, _c2009 |
||
| 300 |
_axxiv, 720p. : _bill. ; _c25 cm |
||
| 650 | _aAsphalt Materials -- Mixture Design -- Construction | ||
| 999 |
_c2011 _d2011 |
||